zpět

Detail výsledku týmu

Bar Chaloupka, Plzeň

Datum a čas kvízu

22 Celkem bodů Celkový počet nahraných bodů na tomto kvízu bez doplňovacích otázek.
8. Pořadí na kvízu Konečné umístění týmu na tomto kvízu.

Zaznamenané odpovědi

# Otázka Odpověď Body Výsledky
1. Ve čtvrtek jsme se dozvěděli,... Rohlík.cz 1
2. Vláda jedné země chystá poměrn... Austrálie 0
3. Který bývalý člen kanceláře pr... Jiří Ovčáček 1
4. Minulý týden jsme se dozvěděli... 5 000 Kčs 0
5. Ve kterém hlavním městě ležící... v Rijádu 0
6. Napište názvy dvou filmů Zacka... 300: Bitva u Thermopyl, 300: Vzestup říše 0.5
7. Režisér a scenárista Otakar Vá... Proti všem 0
8. Německý film režiséra Edwarda... Na západní frontě klid, Erich Maria Remarque 1
9. Film Pianista byl natočen v ro... Adrien Brody, Roman Polański 0
10. Napište název filmu, z něhož p... Četa (Platoon) 0